00359pab a2200133 454500008004000000100002000040245004900060260000900109300001600118362001100134650003200145650001400177773003400191180718b2006 xxu||||| |||| 00| 0 eng d aSingh, W. Kumar aOverestimation of fertility rates in Manipur c2006 ap.1473-480. a15 Apr aFertility - India - Manipur aFertility aEconomic and Political Weekly